10 krajów Afryki z największym PKB - Statystyki

Ogólne statystyki
  • Ten quiz został rozwiązany 134 razy
  • Średni wynik to 8 z 10
Statystyki odpowiedzi
PKB Kraj % Poprawnych
250 900 000 000 USD Egipt
98%
368 300 000 000 USD Republika Południowej Afryki
98%
397 300 000 000 USD Nigeria
95%
173 800 000 000 USD Algieria
93%
117 900 000 000 USD Maroko
88%
84 360 000 000 USD Etiopia
77%
87 910 000 000 USD Kenia
73%
58 000 000 000 USD Tanzania
64%
105 800 000 000 USD Angola
60%
65 560 000 000 USD Ghana
53%
Nie znaleziono quizów pasujących do podanych kryteriów
Rozkład punktacji
Procent ludzi z każdym wynikiem
Percentyl według liczby udzielonych odpowiedzi
Twoja historia wyników
Nie rozwiązałeś tego quizu